| 000 | 00984nam a2200277 a 4500 | ||
|---|---|---|---|
| 001 | 4307844 | ||
| 003 | OSt | ||
| 005 | 20150415134522.0 | ||
| 008 | 861031s1986 sz a f i000 0 eng | ||
| 010 | _a 86220013 | ||
| 020 |
_a9241541792 (pbk.) : _c30.00F |
||
| 040 |
_aDLC _cDLC _dDLC |
||
| 050 | 0 | 0 |
_aRC78 _b.H598 1986 |
| 082 | 0 | 0 |
_aWN 25 H73m 1986 _220 |
| 100 | 1 |
_aHolm, T. _93869 |
|
| 245 | 1 | 0 |
_aManual of radiographic technique / _cby T. Holm, P.E.S. Palmer, E. Lehtinen. |
| 260 |
_aGeneva : _bWorld Health Organization ; _aAlbany, NY : _bWHO Publications Center USA [distributor], _c1986. |
||
| 300 |
_a254 p. : _bill. ; _c30 cm. |
||
| 500 | _aAt head of title: World Health Organization basic radiological system. | ||
| 650 | 0 |
_aRadiography, Medical _xHandbooks, manuals, etc. _93870 |
|
| 700 | 1 |
_aPalmer, Philip E. S. _93871 |
|
| 700 | 1 |
_aLehtinen, E. _93872 |
|
| 906 |
_a7 _bcbc _corignew _d3 _encip _f19 _gy-gencatlg |
||
| 942 |
_2z _cSLOAN |
||
| 999 |
_c1466 _d1466 |
||